000 003420000a22001450004500
003 MACL
040 _aMACL
090 _c5904
_d5903
100 _aBakshi, D.N.
245 _aHindu Divinities in Japanese Buddhist Pantheon
_bA Comparative Study
260 _bBenten Publication
_c1979
350 _a95
650 _aReligion
942 _cBOOK
_k294
999 _c5859
_d5859